[Event "EuroTeams 2007 (Women)"]
[Site "Crete, Greece"]
[Date "2007.10.28"]
[Round "1.7.4"]
[White "Sargac, Rajna"]
[Black "Ohme, Melanie"]
[Result "1-0"]
[WhiteElo "2170"]
[BlackElo "2274"]
[PlyCount "71"]
[EventDate "2007.10.28"]
[WhiteTeam "Croatia"]
[BlackTeam "Germany"]
[WhiteTeamCountry "CRO"]
[BlackTeamCountry "GER"]

1. d4 Nf6 2. c4 g6 3. Nc3 Bg7 4. g3 O-O 5. Bg2 d6 6. e3 c5 7. Nge2 Nc6 8. O-O
Bd7 9. b3 a6 10. Bb2 Rb8 11. dxc5 dxc5 12. Na4 b6 13. Nf4 e6 14. Qe2 Qc7 15.
Bc3 Ne7 16. Nd3 Qa7 17. Qb2 Ne8 18. Bxg7 Nxg7 19. Nc3 Bc6 20. Ne4 f5 21. Nf6+
Kh8 22. Nf4 Bxg2 23. Kxg2 Qb7+ 24. f3 Nc6 25. g4 e5 26. N4d5 b5 27. Qf2 fxg4
28. fxg4 Ne6 29. Qh4 Rf7 30. Ne4 Rxf1 31. Rxf1 Qg7 32. Rf6 Ncd8 33. Qf2 h6 34.
Ndc3 bxc4 35. bxc4 Ng5 36. Rf8+ 1-0

[Event "EuroTeams 2007 (Women)"]
[Site "Crete, Greece"]
[Date "2007.10.28"]
[Round "1.8.2"]
[White "Muhren, Bianca"]
[Black "Hund, Barbara"]
[Result "1/2-1/2"]
[WhiteElo "2303"]
[BlackElo "2216"]
[PlyCount "93"]
[EventDate "2007.10.28"]
[WhiteTeam "Netherlands"]
[BlackTeam "Switzerland"]
[WhiteTeamCountry "NED"]
[BlackTeamCountry "SUI"]

1. e4 e5 2. Nc3 Bc5 3. Nf3 Nc6 4. Nxe5 Nxe5 5. d4 Bd6 6. dxe5 Bxe5 7. f4 Bxc3+
8. bxc3 Qf6 9. Qf3 Ne7 10. Rb1 O-O 11. Bc4 Qc6 12. Bb3 Qc5 13. Qd3 b6 14. Qd4
Qxd4 15. cxd4 Bb7 16. d5 d6 17. c4 Ng6 18. O-O f5 19. exf5 Rxf5 20. Bc2 Rff8
21. Rb3 Ba6 22. Bd3 Rf7 23. g3 Re7 24. h4 Rae8 25. Bd2 Bc8 26. Kf2 Bg4 27. Re1
Rxe1 28. Bxe1 Nf8 29. Rb1 Nd7 30. Bb4 Nc5 31. Bxc5 dxc5 32. Rh1 g6 33. Re1 Rxe1
34. Kxe1 Kf7 35. Kd2 Ke7 36. Ke3 Kf6 37. Bc2 Bd7 38. h5 c6 39. hxg6 hxg6 40.
Be4 cxd5 41. Bxd5 a6 42. Bb7 a5 43. Bd5 b5 44. cxb5 Bxb5 45. g4 g5 46. fxg5+
Kxg5 47. Kf3 1/2-1/2

[Event "EuroTeams 2007 (Women)"]
[Site "Crete, Greece"]
[Date "2007.10.28"]
[Round "1.8.3"]
[White "Heinatz, Dr  Gundula"]
[Black "Schuurman, Petra"]
[Result "1/2-1/2"]
[WhiteElo "2193"]
[BlackElo "2281"]
[PlyCount "67"]
[EventDate "2007.10.28"]
[WhiteTeam "Switzerland"]
[BlackTeam "Netherlands"]
[WhiteTeamCountry "SUI"]
[BlackTeamCountry "NED"]

1. d4 Nf6 2. Nf3 b6 3. e3 Bb7 4. Bd3 e6 5. O-O d5 6. b3 Nbd7 7. Bb2 Ne4 8. Nbd2
f5 9. Ne5 Nxe5 10. dxe5 Qg5 11. f4 Qh6 12. Nxe4 dxe4 13. Bb5+ c6 14. Be2 Bc5
15. Qc1 Qh4 16. Ba3 Bxa3 17. Qxa3 Qe7 18. Qxe7+ Kxe7 19. Rfd1 Rhd8 20. Kf2 c5
21. a4 a5 22. Rxd8 Rxd8 23. Ke1 Bc6 24. Rd1 Rxd1+ 25. Kxd1 g6 26. g4 Bd5 27.
gxf5 exf5 28. Ke1 h6 29. Kf2 g5 30. Kg3 Ke6 31. Ba6 Ke7 32. Bc8 Be6 33. Ba6 Bd5
34. Bc8 1/2-1/2

[Event "EuroTeams 2007 (Women)"]
[Site "Crete, Greece"]
[Date "2007.10.28"]
[Round "1.8.4"]
[White "Bensdorp, Marlies"]
[Black "Lematschko, Tatjana"]
[Result "1/2-1/2"]
[WhiteElo "2263"]
[BlackElo "2189"]
[PlyCount "99"]
[EventDate "2007.10.28"]
[WhiteTeam "Netherlands"]
[BlackTeam "Switzerland"]
[WhiteTeamCountry "NED"]
[BlackTeamCountry "SUI"]

1. d4 Nf6 2. c4 e6 3. Nf3 b6 4. e3 Bb7 5. Bd3 Bb4+ 6. Nbd2 O-O 7. O-O d5 8. a3
Be7 9. Qc2 Nbd7 10. cxd5 exd5 11. Ne5 c5 12. Nxd7 Qxd7 13. dxc5 bxc5 14. Re1
Rfd8 15. Bf5 Qc7 16. b4 Bc8 17. Bd3 Bd6 18. g3 cxb4 19. Qxc7 Bxc7 20. axb4 Bd6
21. b5 Nd7 22. Nf3 Nc5 23. Bc2 Bd7 24. Rb1 Ne4 25. Nd4 Rac8 26. Bd3 Bc7 27. Bb2
Bb6 28. Rbc1 Nd2 29. Nf5 Nf3+ 30. Kg2 Nxe1+ 31. Rxe1 Bxf5 32. Bxf5 Rc5 33. Bd3
g6 34. Rd1 Rdc8 35. h4 Kf8 36. Ba3 Ke8 37. Bxc5 Rxc5 38. Kf3 Ke7 39. h5 Kf6 40.
hxg6 hxg6 41. Ke2 Rc3 42. Rd2 Ke6 43. Rc2 Rxc2+ 44. Bxc2 Kd6 45. Bd3 Kc5 46.
Kd2 Ba5+ 47. Ke2 Bc7 48. g4 g5 49. Kf3 f6 50. Ke2 1/2-1/2

[Event "EuroTeams 2007 (Women)"]
[Site "Crete, Greece"]
[Date "2007.10.28"]
[Round "1.9.2"]
[White "Kopinits, Anna-Christina"]
[Black "Chelushkina, Irina"]
[Result "0-1"]
[WhiteElo "2178"]
[BlackElo "2351"]
[PlyCount "56"]
[EventDate "2007.10.28"]
[WhiteTeam "Austria"]
[BlackTeam "SRB"]
[WhiteTeamCountry "AUT"]

1. e4 c5 2. Nf3 Nc6 3. d4 cxd4 4. Nxd4 Nf6 5. Nc3 d6 6. Be2 e5 7. Nf3 Be7 8.
O-O O-O 9. Re1 h6 10. h3 Be6 11. Bf1 Nb8 12. b3 a6 13. a4 Nbd7 14. a5 Rc8 15.
Bb2 Rc5 16. b4 Rc8 17. Nd5 Nxd5 18. exd5 Bf5 19. c4 Bg6 20. c5 e4 21. c6 exf3
22. cxd7 Rc2 23. Bd4 fxg2 24. Bd3 Qxd7 25. Bxg6 Qxh3 26. Qh5 Bh4 27. Bxf7+ Rxf7
28. Re8+ Kh7 0-1

[Event "EuroTeams 2007 (Women)"]
[Site "Crete, Greece"]
[Date "2007.10.28"]
[Round "1.9.3"]
[White "Benderac, Ana"]
[Black "Mira, Helene"]
[Result "1-0"]
[WhiteElo "2328"]
[BlackElo "2174"]
[PlyCount "89"]
[EventDate "2007.10.28"]
[WhiteTeam "SRB"]
[BlackTeam "Austria"]
[BlackTeamCountry "AUT"]

1. d4 Nf6 2. Nf3 e6 3. e3 b6 4. Nbd2 Bb7 5. Bd3 d5 6. Ne5 Nfd7 7. f4 Nxe5 8.
fxe5 Nd7 9. O-O f5 10. exf6 Nxf6 11. Nf3 Bd6 12. Bd2 O-O 13. Be1 Qe8 14. Ne5
Bxe5 15. dxe5 Ne4 16. Rxf8+ Qxf8 17. Bxe4 dxe4 18. Qe2 Qf7 19. b4 Qe7 20. a4 c5
21. b5 a6 22. Rd1 axb5 23. axb5 Rd8 24. c4 Bc8 25. Bg3 Rxd1+ 26. Qxd1 Qd7 27.
Qxd7 Bxd7 28. Bh4 Kf7 29. Bd8 Ke8 30. Bxb6 Ke7 31. Bxc5+ Kd8 32. Bd6 Kc8 33.
Kf2 Kb7 34. Bc5 Be8 35. Ke2 Bh5+ 36. Kd2 Kc7 37. h3 Be8 38. Kc3 h5 39. g3 Bg6
40. Kb4 Bf5 41. h4 Bg4 42. Bd6+ Kb7 43. c5 Be2 44. c6+ Kc8 45. b6 1-0

[Event "EuroTeams 2007 (Women)"]
[Site "Crete, Greece"]
[Date "2007.10.28"]
[Round "1.10.1"]
[White "Agrest, Svetlana"]
[Black "Danielian, Elina"]
[Result "0-1"]
[WhiteElo "2255"]
[BlackElo "2458"]
[PlyCount "68"]
[EventDate "2007.10.28"]
[WhiteTeam "Sweden"]
[BlackTeam "Armenia"]
[WhiteTeamCountry "SWE"]
[BlackTeamCountry "ARM"]

1. e4 c6 2. d4 d5 3. exd5 cxd5 4. Bd3 Nc6 5. c3 Nf6 6. h3 e5 7. dxe5 Nxe5 8.
Qe2 Qe7 9. Bc2 Qe6 10. Nd2 Bd6 11. Ngf3 Nc6 12. Nb3 O-O 13. Nbd4 Qd7 14. O-O
Re8 15. Qd3 a6 16. Be3 Bc7 17. Ne2 Qe7 18. Rfe1 Be6 19. Nf4 Qd6 20. Nh5 Ne4 21.
Bf4 Qd7 22. Bh6 Bxh3 23. gxh3 Qxh3 24. Nxg7 Bg3 25. Re2 Ne5 26. fxg3 Nxd3 27.
Bxd3 Qxh6 28. Nxe8 Rxe8 29. Rae1 Kf8 30. Nd4 Re5 31. Kg2 Qg6 32. Re3 Rg5 33.
Ne2 Qb6 34. Nf4 Rxg3+ 0-1

[Event "EuroTeams 2007 (Women)"]
[Site "Crete, Greece"]
[Date "2007.10.28"]
[Round "1.10.2"]
[White "Mkrtchian, Lilit"]
[Black "Andersson, Christin"]
[Result "0-1"]
[WhiteElo "2402"]
[BlackElo "2209"]
[PlyCount "78"]
[EventDate "2007.10.28"]
[WhiteTeam "Armenia"]
[BlackTeam "Sweden"]
[WhiteTeamCountry "ARM"]
[BlackTeamCountry "SWE"]

1. e4 e6 2. d4 d5 3. Nd2 Nf6 4. e5 Nfd7 5. Bd3 c5 6. c3 Nc6 7. Ne2 f6 8. Nf4
Qe7 9. Nf3 cxd4 10. cxd4 fxe5 11. dxe5 g5 12. Ng6 Qg7 13. Nxh8 g4 14. Ng5 Ndxe5
15. Nxh7 Bb4+ 16. Kf1 Qxh8 17. h3 g3 18. Qh5+ Kd8 19. Bg5+ Be7 20. Bb5 gxf2 21.
Rd1 Bd7 22. Bxe7+ Nxe7 23. Bxd7 Kxd7 24. Qh4 Nf5 25. Nf6+ Qxf6 26. Qxf6 Ng3+
27. Kxf2 Ne4+ 28. Ke3 Nxf6 29. Rhf1 Ne4 30. Rf4 Nd6 31. g4 Rh8 32. Rh1 Nec4+
33. Kd3 Nxb2+ 34. Kc2 Nbc4 35. g5 Ne5 36. h4 Nf5 37. Rh3 Rh5 38. Rb4 b5 39. Kd1
Nd6 {45 moves} 0-1

[Event "EuroTeams 2007 (Women)"]
[Site "Crete, Greece"]
[Date "2007.10.28"]
[Round "1.10.4"]
[White "Andriasian, Siranush"]
[Black "Jiretorn, Eva"]
[Result "1-0"]
[WhiteElo "2234"]
[BlackElo "2121"]
[PlyCount "133"]
[EventDate "2007.10.28"]
[WhiteTeam "Armenia"]
[BlackTeam "Sweden"]
[WhiteTeamCountry "ARM"]
[BlackTeamCountry "SWE"]

1. e4 c5 2. Nf3 Nc6 3. d4 cxd4 4. Nxd4 g6 5. c4 Nxd4 6. Qxd4 Nf6 7. Nc3 Bg7 8.
Be3 O-O 9. Qd2 d6 10. Be2 Be6 11. Rc1 Qa5 12. O-O Rfc8 13. b3 a6 14. f4 b5 15.
f5 Bd7 16. fxg6 hxg6 17. Bh6 b4 18. Nd5 Nxd5 19. exd5 e5 20. dxe6 Bxe6 21. Bxg7
Kxg7 22. Bf3 Qc5+ 23. Kh1 Rab8 24. Rce1 a5 25. Qb2+ Kg8 26. Qf6 Re8 27. Bg4 Bf5
28. Bxf5 Rxe1 29. Rxe1 Qxf5 30. Qxf5 gxf5 31. Kg1 a4 32. Rd1 axb3 33. axb3 Rb6
34. Rd5 Kf8 35. Rxf5 Ke7 36. Rb5 Ra6 37. Rxb4 Ra2 38. Rb5 Ke6 39. h4 Rb2 40.
Kh2 f5 41. Kg3 Rd2 42. Rd5 Rb2 43. Rd3 Ke5 44. Kf3 Rb1 45. g3 Rb2 46. Rd5+ Ke6
47. Rb5 Kf6 48. g4 fxg4+ 49. Kxg4 Rg2+ 50. Kf4 Rc2 51. Ke4 Ke6 52. Kd4 Kd7 53.
Rf5 Kc6 54. b4 Rd2+ 55. Kc3 Rh2 56. b5+ Kb6 57. h5 Rh1 58. Kd4 Rd1+ 59. Ke4 Rc1
60. Kd5 Rd1+ 61. Ke6 Rd4 62. Kf6 Rxc4 63. h6 Rc5 64. Rxc5 dxc5 65. h7 Kxb5 66.
h8=Q c4 67. Ke5 1-0

[Event "EuroTeams 2007 (Women)"]
[Site "Crete, Greece"]
[Date "2007.10.28"]
[Round "1.11.1"]
[White "Muzychuk, Anna"]
[Black "Tsiganova, Monika"]
[Result "1-0"]
[WhiteElo "2469"]
[BlackElo "2216"]
[PlyCount "139"]
[EventDate "2007.10.28"]
[WhiteTeam "Slovenija"]
[BlackTeam "Estonia"]
[WhiteTeamCountry "SLO"]
[BlackTeamCountry "EST"]

1. e4 c5 2. Nf3 d6 3. d4 cxd4 4. Nxd4 Nf6 5. Nc3 a6 6. Be3 e5 7. Nde2 Nc6 8.
Ng3 Be6 9. Be2 d5 10. exd5 Nxd5 11. Nxd5 Qxd5 12. Qxd5 Bxd5 13. O-O-O Bxg2 14.
Rhg1 Bh3 15. Nh5 Bf5 16. Rxg7 Nd4 17. Bxd4 exd4 18. Rg3 O-O-O 19. Bg4 Bh6+ 20.
Kb1 Be6 21. Nf6 Bf4 22. Rg2 Be5 23. Bxe6+ fxe6 24. Ne4 Rhg8 25. Rxg8 Rxg8 26.
h3 Bf4 27. a4 e5 28. Ka2 Kc7 29. Rd3 Rg1 30. c3 Re1 31. Nf6 dxc3 32. Rxc3+ Kd6
33. Nxh7 Re2 34. Nf6 Ke6 35. Ng4 Kd6 36. h4 Re1 37. Rh3 Rg1 38. Ne3 Bxe3 39.
fxe3 Rg6 40. h5 Rh6 41. Kb3 Kd5 42. Rh4 a5 43. Kc3 e4 44. Rh2 Kc5 45. Rh1 b6
46. Rh2 Kd5 47. Rh4 Kc5 48. Rh2 Kd5 49. b4 axb4+ 50. Kxb4 Ke5 51. Kc4 Rc6+ 52.
Kb5 Rh6 53. Rc2 Kd5 54. Rc8 Rxh5 55. Kxb6 Rh6+ 56. Kb5 Rh1 57. Rc5+ Kd6 58. Rc4
Kd5 59. Rd4+ Ke5 60. Rb4 Rh3 61. Rb3 Rh8 62. a5 Kd5 63. a6 Rb8+ 64. Ka4 Ra8 65.
Ka5 Kc4 66. Ra3 Rb8 67. a7 Rh8 68. Kb6 Rh6+ 69. Kc7 Rh7+ 70. Kd6 1-0

[Event "EuroTeams 2007 (Women)"]
[Site "Crete, Greece"]
[Date "2007.10.28"]
[Round "1.11.2"]
[White "Fomina, Tatyana"]
[Black "Krivec, Jana"]
[Result "0-1"]
[WhiteElo "2248"]
[BlackElo "2315"]
[PlyCount "116"]
[EventDate "2007.10.28"]
[WhiteTeam "Estonia"]
[BlackTeam "Slovenija"]
[WhiteTeamCountry "EST"]
[BlackTeamCountry "SLO"]

1. d4 d5 2. Nc3 Nf6 3. Bg5 Nbd7 4. e3 e6 5. Nf3 Be7 6. Bd3 c5 7. O-O c4 8. Be2
h6 9. Bxf6 Nxf6 10. Ne5 O-O 11. f4 a6 12. Bf3 Qc7 13. Qe1 b5 14. Ne2 Nd7 15.
Kh1 Bb7 16. Rd1 b4 17. Bg4 Nf6 18. Ng3 Nxg4 19. Nxg4 f6 20. Nh5 Kh7 21. Rf3 Rf7
22. Rh3 Rh8 23. c3 a5 24. Qe2 Kg8 25. Qc2 Kf8 26. f5 Bc8 27. Nf4 exf5 28. Ng6+
Kg8 29. Nxh8 fxg4 30. Nxf7 gxh3 31. Qg6 hxg2+ 32. Kxg2 Kf8 33. Nh8 Be6 34. Qh5
Bd6 35. Rf1 Qd7 36. Ng6+ Kg8 37. Nf4 Bf7 38. Qf3 Qb7 39. Kh1 bxc3 40. bxc3 Qb2
41. Qg2 Ba3 42. h3 Kh7 43. Kh2 Qxc3 44. Nxd5 Bd6+ 45. Kh1 Qd3 46. e4 Bg6 47.
Re1 Qxd4 48. Qf3 Qe5 49. Kg1 f5 50. Ne3 fxe4 51. Qg2 Bc5 52. Kh1 Qc3 53. Rg1
Qf6 54. Rf1 Qe6 55. Re1 c3 56. Qg4 Qe5 57. Kg2 Bxe3 58. Rxe3 c2 0-1

[Event "EuroTeams 2007 (Women)"]
[Site "Crete, Greece"]
[Date "2007.10.28"]
[Round "1.11.3"]
[White "Srebrnic, Ana"]
[Black "Narva, Regina"]
[Result "1-0"]
[WhiteElo "2278"]
[BlackElo "2067"]
[PlyCount "103"]
[EventDate "2007.10.28"]
[WhiteTeam "Slovenija"]
[BlackTeam "Estonia"]
[WhiteTeamCountry "SLO"]
[BlackTeamCountry "EST"]

1. Nf3 Nf6 2. c4 g6 3. Nc3 Bg7 4. e4 d6 5. d4 O-O 6. Be2 b6 7. O-O a6 8. Bg5 c5
9. Qd2 Ra7 10. Rad1 Bg4 11. dxc5 bxc5 12. e5 Ne8 13. exd6 Nxd6 14. Qe3 Bxf3 15.
Bxf3 Bd4 16. Rxd4 cxd4 17. Qxd4 Rd7 18. Nd5 f6 19. Bc1 e5 20. Qc3 Nf5 21. b3
Nd4 22. Bd1 Nbc6 23. Ba3 Rff7 24. Bc5 Ne6 25. Bb6 Qb8 26. a4 Ncd4 27. a5 f5 28.
f4 Nc6 29. Re1 Nxf4 30. Nxf4 exf4 31. Bf3 Ne7 32. b4 g5 33. h3 Qd6 34. Bc5 Qg6
35. Bxe7 Rfxe7 36. Rxe7 Rxe7 37. Bd5+ Rf7 38. Qe5 Kf8 39. Bxf7 Qxf7 40. Qd6+
Kg7 41. Qd4+ Kg6 42. c5 Qe8 43. Kh2 Kh5 44. Qc3 g4 45. hxg4+ fxg4 46. c6 Qe4
47. c7 Qb1 48. Qe5+ Kh4 49. g3+ fxg3+ 50. Qxg3+ Kg5 51. Qe3+ Kh5 52. c8=Q 1-0

[Event "EuroTeams 2007 (Women)"]
[Site "Crete, Greece"]
[Date "2007.10.28"]
[Round "1.12.1"]
[White "Drljevic, Ljilja"]
[Black "Peptan, Corina-Isabela"]
[Result "0-1"]
[WhiteElo "2270"]
[BlackElo "2405"]
[PlyCount "76"]
[EventDate "2007.10.28"]
[WhiteTeam "MNE"]
[BlackTeam "Romania"]
[BlackTeamCountry "ROM"]

1. e4 c5 2. d3 Nc6 3. g3 g6 4. Bg2 Bg7 5. f4 e6 6. Nf3 Nge7 7. c3 b6 8. O-O O-O
9. Be3 Ba6 10. Re1 Rc8 11. Na3 d6 12. Qd2 b5 13. Nc2 Bb7 14. d4 Na5 15. Bf2 Nc4
16. Qe2 a6 17. Ne3 cxd4 18. Nxd4 Nxe3 19. Qxe3 Rc4 20. Rad1 Qa8 21. Nb3 Ra4 22.
Rxd6 Rxa2 23. Rd7 Re8 24. Qb6 Rxb2 25. Nd4 Bxd4 26. cxd4 Bc6 27. Rc7 Rc2 28. d5
exd5 29. Bc5 Rb8 30. Qa5 Rxc5 31. Rxe7 dxe4 32. Qc7 Rb7 33. Qd6 Rxe7 34. Qxe7
Qf8 35. Qf6 Qe8 36. Bh3 e3 37. f5 e2 38. Qd6 Qe3# 0-1

[Event "EuroTeams 2007 (Women)"]
[Site "Crete, Greece"]
[Date "2007.10.28"]
[Round "1.12.2"]
[White "Voicu, Carmen"]
[Black "Vojinovic, Jovana"]
[Result "1/2-1/2"]
[WhiteElo "2333"]
[BlackElo "2227"]
[PlyCount "80"]
[EventDate "2007.10.28"]
[WhiteTeam "Romania"]
[BlackTeam "MNE"]
[WhiteTeamCountry "ROM"]

1. d4 e6 2. e4 d5 3. Nc3 Nf6 4. Bg5 dxe4 5. Nxe4 Be7 6. Bxf6 gxf6 7. Nf3 b6 8.
Bb5+ c6 9. Bc4 Bb7 10. Qe2 Nd7 11. O-O-O Qc7 12. Kb1 O-O-O 13. Ba6 Bxa6 14.
Qxa6+ Kb8 15. Qe2 f5 16. Nc3 Bf6 17. Rhe1 Rdg8 18. g3 h5 19. a3 h4 20. Na2 Ka8
21. Nb4 Rg4 22. Rd3 Qb7 23. Ne5 Re4 24. Re3 Rxe3 25. Qxe3 Nxe5 26. dxe5 Be7 27.
Rd1 c5 28. Na2 hxg3 29. hxg3 Rh1 30. Rc1 Qd5 31. Nc3 Rxc1+ 32. Kxc1 Qh1+ 33.
Kd2 Qc6 34. Kc1 Qh1+ 35. Kd2 Qc6 36. Kc1 Qh1+ 37. Kd2 Qc6 38. Kc1 Qh1+ 39. Kd2
Qc6 40. Kc1 Qh1+ 1/2-1/2

[Event "EuroTeams 2007 (Women)"]
[Site "Crete, Greece"]
[Date "2007.10.28"]
[Round "1.12.3"]
[White "Mijovic, Aleksandra"]
[Black "Motoc, Alina"]
[Result "0-1"]
[WhiteElo "2198"]
[BlackElo "2300"]
[PlyCount "88"]
[EventDate "2007.10.28"]
[WhiteTeam "MNE"]
[BlackTeam "Romania"]
[BlackTeamCountry "ROM"]

1. e4 c5 2. Nf3 d6 3. d4 cxd4 4. Nxd4 Nf6 5. Nc3 a6 6. Be3 e5 7. Nb3 Be6 8. f3
Be7 9. Qd2 O-O 10. O-O-O a5 11. Bb5 Na6 12. Kb1 Nc7 13. Bb6 Qb8 14. Bxc7 Qxc7
15. g4 d5 16. Nxd5 Bxd5 17. exd5 Rfd8 18. c4 a4 19. Nc1 a3 20. b3 Ra5 21. Ne2
Nxd5 22. cxd5 Rxb5 23. Nc3 Rb4 24. d6 Qxd6 25. Qxd6 Bxd6 26. Rd5 Rd4 27. Rd1
Rxd1+ 28. Rxd1 Be7 29. Rxd8+ Bxd8 30. Kc2 g6 31. b4 f5 32. gxf5 gxf5 33. Kb3
Kf7 34. Kxa3 Kg6 35. Kb3 Kg5 36. Nd5 Kh4 37. a4 Kh3 38. a5 Kg2 39. Ka4 Kxf3 40.
b5 Bh4 41. Ne3 f4 42. Nc4 Ke4 43. b6 Bd8 44. Nd6+ Kd5 0-1

[Event "EuroTeams 2007 (Women)"]
[Site "Crete, Greece"]
[Date "2007.10.28"]
[Round "1.12.4"]
[White "Paulet, Iozefina"]
[Black "Misovic, Sanja"]
[Result "1-0"]
[WhiteElo "2276"]
[BlackElo "1876"]
[PlyCount "73"]
[EventDate "2007.10.28"]
[WhiteTeam "Romania"]
[BlackTeam "MNE"]
[WhiteTeamCountry "ROM"]

1. e4 c5 2. Nc3 Nc6 3. Bb5 Nd4 4. Bc4 e6 5. Nge2 a6 6. d3 b5 7. Bb3 Nxb3 8.
axb3 Bb7 9. O-O Nf6 10. Bg5 Be7 11. f4 Ng4 12. Bxe7 Qxe7 13. Qd2 O-O 14. h3 Nh6
15. f5 exf5 16. exf5 f6 17. Nf4 Nxf5 18. Ncd5 Bxd5 19. Nxd5 Qd6 20. Rxf5 g6 21.
Qf4 Qe6 22. Rxf6 Qxd5 23. Raxa6 Rxf6 24. Rxf6 Re8 25. Rd6 Qe5 26. Qxe5 Rxe5 27.
Kf2 Re7 28. Rd5 Rf7+ 29. Ke3 Re7+ 30. Kf3 Rf7+ 31. Kg3 d6 32. Rxd6 b4 33. Rd5
Rc7 34. Kf3 Kf7 35. Ke4 Ke6 36. g4 Kf6 37. Re5 1-0

[Event "EuroTeams 2007 (Women)"]
[Site "Crete, Greece"]
[Date "2007.10.28"]
[Round "1.14.3"]
[White "Savola, Laura"]
[Black "Chilingirova, Pavlina"]
[Result "0-1"]
[WhiteElo "2040"]
[BlackElo "2231"]
[PlyCount "118"]
[EventDate "2007.10.28"]
[WhiteTeam "Finland"]
[BlackTeam "Bulgaria"]
[WhiteTeamCountry "FIN"]
[BlackTeamCountry "BUL"]

1. d4 Nf6 2. Nf3 g6 3. c4 Bg7 4. Nc3 O-O 5. e4 d6 6. Be2 c6 7. O-O Nbd7 8. Re1
e5 9. Bf1 Re8 10. a3 a5 11. Rb1 exd4 12. Nxd4 Nc5 13. f3 a4 14. b4 axb3 15.
Nxb3 Nfd7 16. Ne2 Nxb3 17. Rxb3 Nc5 18. Rb1 f5 19. Ng3 fxe4 20. fxe4 Be5 21.
Bb2 Qf6 22. Bxe5 Qxe5 23. Nf5 Bxf5 24. exf5 Ne4 25. Rxe4 Qxe4 26. fxg6 hxg6 27.
Rxb7 Rxa3 28. Qxd6 Ra1 29. Qf6 Rxf1+ 30. Qxf1 Qe3+ 31. Kh1 Rf8 32. Qa1 Qc3 33.
Qb1 Rf6 34. Rb8+ Kg7 35. Rb7+ Kh6 36. h3 Qxc4 37. Kh2 Qf4+ 38. Kg1 Qe3+ 39. Kh2
c5 40. Rd7 Qe5+ 41. Kg1 Qe3+ 42. Kh2 Qf4+ 43. Kg1 c4 44. Qb7 Qe3+ 45. Kh2 Qe5+
46. Kg1 c3 47. h4 Qe1+ 48. Kh2 Qxh4+ 49. Kg1 Qe1+ 50. Kh2 Qe5+ 51. Kg1 c2 52.
Qc8 Qe3+ 53. Kh2 Qf4+ 54. Kh3 Qf5+ 55. Kg3 Qxd7 56. Qxd7 c1=Q 57. Qh3+ Kg7 58.
Qd7+ Rf7 59. Qd4+ Kh7 0-1

[Event "EuroTeams 2007 (Women)"]
[Site "Crete, Greece"]
[Date "2007.10.28"]
[Round "1.14.4"]
[White "Raeva, Elitsa"]
[Black "Rautanen, Sari"]
[Result "1-0"]
[WhiteElo "2242"]
[BlackElo "1961"]
[PlyCount "47"]
[EventDate "2007.10.28"]
[WhiteTeam "Bulgaria"]
[BlackTeam "Finland"]
[WhiteTeamCountry "BUL"]
[BlackTeamCountry "FIN"]

1. d4 d6 2. Nf3 g6 3. g3 Bg7 4. Bg2 Nf6 5. O-O O-O 6. c4 Nbd7 7. Nc3 e5 8. e4
c6 9. h3 a6 10. Be3 Re8 11. Qc2 b5 12. cxb5 cxb5 13. Rfd1 Bb7 14. dxe5 dxe5 15.
Qb3 Qe7 16. Nd5 Nxd5 17. exd5 Qd6 18. Ng5 f5 19. Rac1 Rac8 20. Rc6 Qf8 21. d6+
Kh8 22. Nf7+ Kg8 23. Nxe5+ Kh8 24. Nxd7 1-0

[Event "EuroTeams 2007 (Women)"]
[Site "Crete, Greece"]
[Date "2007.10.28"]
[Round "1.15.2"]
[White "Pavlidou, Ekaterini"]
[Black "Llaneza Vega, Patricia"]
[Result "0-1"]
[WhiteElo "2003"]
[BlackElo "2272"]
[PlyCount "62"]
[EventDate "2007.10.28"]
[WhiteTeam "GRE2"]
[BlackTeam "Espana"]
[BlackTeamCountry "ESP"]

1. d4 Nf6 2. c4 g6 3. g3 Bg7 4. Bg2 O-O 5. Nc3 d6 6. Nf3 c6 7. O-O Qb6 8. e4 e5
9. dxe5 dxe5 10. Nxe5 Qc5 11. Nf3 Qxc4 12. Re1 Nbd7 13. Bf4 Nc5 14. Bf1 Qb4 15.
Bd6 Re8 16. e5 Nfd7 17. Ne4 Qb6 18. Nf6+ Bxf6 19. exf6 Ne4 20. Rxe4 Rxe4 21.
Ng5 Nxf6 22. Bd3 Re8 23. Bc4 Nd5 24. Qf3 Bf5 25. g4 Qd8 26. Bf4 Be6 27. Rd1 Qf6
28. Nxe6 fxe6 29. Bxd5 exd5 30. g5 Qf5 31. Qg3 Re4 0-1

[Event "EuroTeams 2007 (Women)"]
[Site "Crete, Greece"]
[Date "2007.10.28"]
[Round "1.15.3"]
[White "Hernandez, Yudania"]
[Black "Fragaki, Maria"]
[Result "1-0"]
[WhiteElo "2263"]
[BlackElo "1922"]
[PlyCount "115"]
[EventDate "2007.10.28"]
[WhiteTeam "Espana"]
[BlackTeam "GRE2"]
[WhiteTeamCountry "ESP"]

1. e4 c5 2. g3 Nc6 3. Bg2 g6 4. d3 Bg7 5. f4 d6 6. Nf3 Nf6 7. O-O O-O 8. c3 Qc7
9. Kh1 h6 10. Be3 b6 11. Na3 Ba6 12. Nh4 Rac8 13. Qd2 Qd7 14. Bg1 e5 15. c4 Rb8
16. Rad1 Bc8 17. Nb5 a6 18. Nc3 b5 19. b3 Qd8 20. fxe5 Nxe5 21. cxb5 axb5 22.
d4 cxd4 23. Bxd4 Bg4 24. Rc1 b4 25. Na4 Qe7 26. Nb6 Ned7 27. Nd5 Nxd5 28. Bxg7
Kxg7 29. Qxd5 Qe5 30. Rc6 Rb6 31. Rxb6 Nxb6 32. Qb7 Be2 33. Rg1 Qc5 34. Qe7 Nc8
35. Qd7 Nb6 36. Qe7 Bb5 37. e5 Qxe5 38. Nxg6 Qxe7 39. Nxe7 Kf6 40. Nd5+ Nxd5
41. Bxd5 Ke5 42. Rd1 f5 43. Bf3 Ba6 44. Rd5+ Ke6 45. Rd4 Rb8 46. Kg2 Bb7 47.
Rh4 Bxf3+ 48. Kxf3 Ke5 49. Rxh6 d5 50. Rc6 Rb5 51. h4 d4 52. h5 d3 53. Ke3 Rd5
54. Kd2 Rd7 55. Rb6 Ke4 56. Rxb4+ Kf3 57. Rf4+ Kxg3 58. Rxf5 1-0